| 000 | 02969cjm a2200625 a 4500 | ||
|---|---|---|---|
| 001 | data | ||
| 005 | 20260322212123.0 | ||
| 007 | data | ||
| 008 | data | ||
| 035 | _a14903438 | ||
| 906 |
_a7 _bcbc _ccopycat _d2 _encip _f20 _gy-soundrec |
||
| 925 | 0 |
_aacquire _b2 shelf copies _xpolicy default |
|
| 925 | 0 |
_aacquire _b2 copies _xpolicy default |
|
| 010 | _a 2007568818 | ||
| 024 | 1 | _a074640290022 | |
| 028 | 0 | 2 |
_aCK 2900 _bColumbia |
| 028 | 0 | 0 |
_a2900 _bColumbia |
| 035 | _a(OCoLC)15257453 | ||
| 040 |
_aXWE _beng _cXWE _dDLC _dORX _dOCLCG _dWIM _dSXC _dOCLCQ _dOCLCF _dVRA _dOCLCQ _dDLC |
||
| 042 | _alccopycat | ||
| 045 | 0 | _bd1966 | |
| 050 | 0 | 0 | _aSDB 62296 |
| 082 | 0 | 4 | _a782.81 |
| 100 | 1 | _aColeman, Cy. | |
| 240 | 1 | 0 | _aSweet Charity |
| 245 | 1 | 0 |
_aGwen Verdon as Sweet Charity _h[sound recording] / _c[book by Neil Simon ; music by Cy Coleman ; lyrics by Dorothy Fields ; based upon an original screenplay by Federico Fellini, Tullio Pinelli and Ennio Flaiano ; conceived, staged and choreographed by Bob Fosse]. |
| 246 | 3 | 0 | _aSweet Charity |
| 260 |
_aNew York, NY : _bColumbia, _c[1986?] |
||
| 300 |
_a1 sound disc (52 min.) : _bdigital ; _c4 3/4 in. |
||
| 306 | _a005200 | ||
| 336 |
_aperformed music _bprm _2rdacontent |
||
| 337 |
_aaudio _bs _2rdamedia |
||
| 338 |
_aaudio disc _bsd _2rdacarrier |
||
| 500 | _aMusical comedy. | ||
| 500 | _aCompact disc. | ||
| 500 | _aAnalog recording. | ||
| 500 | _aProgram and biographical notes by C. Burr in container. | ||
| 505 | 0 | 0 |
_tFinale _g(1:21). _tYou should see yourself _g(2:22) -- _tBig spender _g(3:35) -- _tCharity's soliloquy _g(4:16) -- _tRich man's frug _g(1:41) -- _tIf my friends could see me now _g(3:27) -- _tToo many tomorrows _g(3:04) -- _tThere's gotta be something better than this _g(4:51) -- _tCharity's theme _g(1:26) -- _tI'm the bravest individual _g(2:18) -- _tThe rhythm of life _g(3:56) -- _tBaby dream your dream _g(3:42) -- _tSweet Charity _g(2:42) -- _tWhere am I going? _g(3:18) -- _tI love to cry at weddings _g(3:08) -- _tI'm a brass band _g(2:43) -- _tFinale _g(1:21). |
| 508 | _aBased on an original screenplay (The nights of Cabiria) by Federico Fellini, Tullio Pinelli and Ennio Flaiano ; conceived, staged and choreographed by Bob Fosse. | ||
| 511 | 0 | _aOriginal Broadway cast, starring Gwen Verdon, John McMartin, and Helen Gallagher ; with orchestra ; Fred Werner, conductor. | |
| 650 | 0 | _aMusicals. | |
| 650 | 7 |
_aMusicals. _2fast _0(OCoLC)fst01030814 |
|
| 655 | 7 |
_aMusicals. _2lcgft |
|
| 700 | 1 |
_aSimon, Neil. _4lbt |
|
| 700 | 1 |
_aFields, Dorothy, _d1905-1974. _4lyr |
|
| 700 | 1 |
_aFosse, Bob, _d1927-1987. |
|
| 700 | 1 |
_aVerdon, Gwen. _4prf |
|
| 700 | 1 |
_aMcMartin, John. _4prf |
|
| 700 | 1 |
_aGallagher, Helen, _d1926- _4prf |
|
| 700 | 1 |
_aWerner, Fred. _4cnd |
|
| 730 | 0 | _aNotti di Cabiria (Motion picture) | |
| 985 |
_aMBRS _eAMGrec |
||
| 999 |
_c1888 _d1888 |
||